MARC

LEADER 00000nam0a2200000 4500
001 357050
005 20231102010943.0
035 |a (RuTPU)RU\TPU\retro\14310 
090 |a 357050 
100 |a 20200728d1877 km y0rusy50 ca 
101 0 |a rus 
102 |a RU 
105 |a y z 000zy 
200 1 |a Письма и отчеты о путешествии в долину р. Оби, исполненном по поручению Императорской Академии наук  |f И. С. Поляков 
215 |a 187 с. 
225 1 |a Записки Императорской Академии наук  |v Т. XXX, № 2  |e Приложение 
300 |a Текст в русской дореформенной орфографии 
606 1 |a Путешествия  |2 stltpush  |3 (RuTPU)RU\TPU\subj\53234  |9 71554 
606 1 |a Западная Сибирь  |x География  |2 stltpush  |3 (RuTPU)RU\TPU\subj\71066  |9 85129 
610 1 |a географические исследования 
610 1 |a географические открытия 
610 1 |a географические путешествия 
610 1 |a Обь 
610 1 |a долины 
610 1 |a письма 
610 1 |a путевые заметки 
610 1 |a остяки 
610 1 |a рыбоперерабатывающие предприятия 
610 1 |a быт 
610 1 |a народы 
610 1 |a этнология 
675 |a 910.4  |v 4 
675 |a 91(571.1)  |v 4 
700 1 |a Поляков  |b И. С.  |c русский путешественник-исследователь  |c зоолог  |f 1847-1887  |g Иван Семенович  |2 stltpush  |3 (RuTPU)RU\TPU\pers\15009  |9 5111 
801 1 |a RU  |b 63413507  |c 20200728 
801 2 |a RU  |b 63413507  |c 20200923  |g RCR 
942 |c BK